Les plus grands pays du monde - Statistiques

Statistiques générales
  • Ce quiz a été pris 1 237 fois
  • Le résultat moyen est 4 sur 15
Statistiques - réponses
Hint Réponse % Correct
1 Russie
84%
2 Canada
49%
3 Etats-Unis
48%
4 Chine
40%
5 Brésil
29%
6 Australie
21%
9 Kazakhstan
14%
10 Algérie
13%
13 Arabie saoudite
13%
11 République démocratique du Congo
13%
7 Inde
12%
15 Indonésie
11%
14 Méxique
10%
12 Royaume du Danemark
10%
8 Argentine
9%
Aucun quiz correspondant
Distribution des résultats
% des personnes avec chaque résultat
Percentile par nombre de réponses
Votre historique - résultats
Vous n’avez pas pris ce quiz